| 000 | 00694nam a22002177a 4500 | ||
|---|---|---|---|
| 999 |
_c16324 _d16324 |
||
| 003 | AR-CdUCM | ||
| 008 | 190503b ||||| |||| 00| 0 spa d | ||
| 040 |
_aMUNICIPALIDAD PROVINCIAL DEL CUSCO _cBIBLIOTECA MUNICIPAL DEL CUSCO |
||
| 041 | _hit | ||
| 082 |
_a851.9 / _bL16 |
||
| 100 |
_aLagarda, Ugo Facco de _935707 |
||
| 245 |
_aAnteo : _bAppunti lirici della casa Rossa / |
||
| 260 |
_aBologna : _bL. Cappelli editore, _c1933. |
||
| 300 |
_a142 paginas ; _bIlustraciones, graficos, dibujos, _c20 cm. |
||
| 500 | _aTexto completamente en italiano | ||
| 650 |
_aHistoria _9136 |
||
| 650 |
_aLiteratura _983 |
||
| 650 |
_aItaliano _935708 |
||
| 942 |
_2ddc _cLIBROS |
||
| 945 |
_apjha _d2019-05-03 |
||